000 00528nam a2200181Ia 4500
005 20250326125059.0
008 250326s9999 xx 000 0 und d
037 _aTextbook
040 _aFMSL
_beng
_cFMSL
041 _aeng
_2eng
084 _aX:9 L16
_qFMSL
100 _aFrench W L
_9735900
245 0 _aPersonnel management and organization development: fields in transition
_cFrench W L
260 _aNY
_bNY, Houghton Mifflin
_c1971
300 _a450p
942 _cTB
_hX:9 L16
999 _c1276450
_d1276450